书目信息 |
| 题名: |
奥林匹克文化
|
|
| 作者: | 王祖爵 主编 | |
| 分册: | ||
| 出版信息: | 北京 中国水利水电出版社 2005 |
|
| 页数: | 252页 | |
| 开本: | 26cm | |
| 丛书名: | ||
| 单 册: | ||
| 中图分类: | G811.21 | |
| 科图分类: | ||
| 主题词: | 奥运会--文化 , 奥运会 | |
| 电子资源: | ||
| ISBN: | 7-5084-3331-9 | |
| 000 | 00791nam0 2200265 450 | |
| 001 | 003041686 | |
| 005 | 20070923091049.29 | |
| 010 | @a7-5084-3331-9@dCNY28.00 | |
| 100 | @a20051222d2005 em y0chiy0110 ea | |
| 101 | 0 | @achi |
| 102 | @aCN@b110000 | |
| 105 | @aa z 000yy | |
| 106 | @ar | |
| 200 | 1 | @a奥林匹克文化@9ao lin pi ke wen hua@f王祖爵主编 |
| 210 | @a北京@c中国水利水电出版社@d2005 | |
| 215 | @a252页@c照片,图@d26cm | |
| 312 | @a封面英文题名:Olympic culture | |
| 330 | @a本书系统介绍了奥林匹克运动的渊源、思想体系、文化内涵、发展趋势以及与中国文化的交融。 | |
| 510 | 1 | @aOlympic culture@zeng |
| 606 | 0 | @a奥运会@x文化 |
| 606 | 0 | @a奥运会 |
| 690 | @aG811.21@v4 | |
| 701 | 0 | @a王祖爵@9wang zu jue@f(1944~)@4主编 |
| 801 | 0 | @aCN@bNLC@c20070923 |
| 905 | @dG811.21@e333 | |
| 奥林匹克文化/王祖爵主编.-北京:中国水利水电出版社,2005 |
| 252页:照片,图;26cm |
| ISBN 7-5084-3331-9:CNY28.00 |
| 本书系统介绍了奥林匹克运动的渊源、思想体系、文化内涵、发展趋势以及与中国文化的交融。 |
| ● |
| 相关链接 |
|
|
|
|
正题名:奥林匹克文化
索取号:G811.21/333
 
预约/预借
| 序号 | 登录号 | 条形码 | 馆藏地/架位号 | 状态 | 备注 |
| 1 | 0626411 | 206264111 | 第一样本阅览室/ [索取号:G811.21/333] | 在馆 | |
| 2 | 0626412 | 206264120 | 第四借阅区/ [索取号:G811.21/333] | 在馆 | |
| 3 | 0626413 | 206264139 | 第四借阅区/ [索取号:G811.21/333] | 在馆 | |
| 4 | 0626414 | 206264148 | 第四借阅区/ [索取号:G811.21/333] | 在馆 | |
| 5 | 0626415 | 206264157 | 第四借阅区/ [索取号:G811.21/333] | 在馆 |